000 00438nam a2200181Ia 4500
001 16016
005 20260306170238.0
008 260306t2011||||xx |||||||||||||| ||und||
041 _aESP
082 _a346.52
_bO677
100 _aOssorio Serrano, Juan Miguel
_eAUT
245 0 _aLecciones de derecho de daños
260 _c2011
300 _a242 páginas :
_c24 cm.
650 _aGEN
654 _aCDE
942 _cLIB
_dJUS
_fJUS
_2ddc
_n
999 _c16016
_d16016